Vietnam's macro-economy and types of enterprises : The current position and future prospects /

Sách đề cập đến vị trí hiện nay và giới thiệu những viễn cảnh trong tương lai của nền kinh tế vĩ mô Việt Nam.

Salvato in:
Dettagli Bibliografici
Autore principale: Đặng Đức Đạm.
Natura: Libro
Lingua:English
Pubblicazione: Hà Nội : Thế giới, 1997.
Soggetti:
Tags: Aggiungi Tag
Nessun Tag, puoi essere il primo ad aggiungerne! !
Thư viện lưu trữ: Mạng thư viện Đại học Đà Nẵng
LEADER 01126cam a2200361 i 4500
001 000046635
003 6133
005 20030916101258.0
008 010307b1997 vm 000 eng
022 |a T 
040 |a IRC  |c IRC  |d IRC 
041 0 |a eng 
082 1 4 |a 339  |b ĐĂ-Đ 
100 1 |a Đặng Đức Đạm. 
245 0 0 |a Vietnam's macro-economy and types of enterprises :  |b The current position and future prospects /  |c Đặng Đức Đạm. 
260 |a Hà Nội :  |b Thế giới,  |c 1997. 
300 |a 251tr. ;  |c 24.5cm. 
520 3 |a Sách đề cập đến vị trí hiện nay và giới thiệu những viễn cảnh trong tương lai của nền kinh tế vĩ mô Việt Nam. 
630 0 4 |a Doanh nghiệp. 
630 0 4 |a Kinh tế vĩ mô. 
630 0 4 |a Kinh tế Việt Nam. 
650 0 4 |a Kinh tế vĩ mô  |z Việt Nam. 
650 0 4 |a Macroeconomics  |z Vietnam. 
OWN |a DUT 
999 |a From the UDN01 
TYP |a Monograph 
TYP |a Printed language 
980 |a Mạng thư viện Đại học Đà Nẵng